| 000 | 01584nam a2200325 a 4500 | ||
|---|---|---|---|
| 001 | BRCA_3228 | ||
| 005 | 20190320204156.0 | ||
| 008 | 040309s1782----enka---###---#000-0#eng-# | ||
| 041 | _aeng | ||
| 044 | _aenk | ||
| 084 |
_a529 _b.H377 _c1782 |
||
| 100 | 1 |
_aCervantes Saavedra, Miguel de _d1547-1616 _9213 |
|
| 245 | 1 | 0 |
_aThe History and Adventures of the Renowned Don Quixote _cTranslated from de Spanish of Miguel de Cervantes Saavedra to wich is Prefixed some Account of the Author´s Life by Dr. Smollett. |
| 260 |
_aLondres _bHarrison and Co. _c1782 |
||
| 300 |
_a1 v. en 4 tomos _bil. _c23 cm. |
||
| 440 | 0 |
_aThe Novelist´s Magazine _v8 _98617 |
|
| 500 | _aContenido : t.1. Primera parte. Vida de Cervantes por Smollett. Advertencia del traductor. Prólogo del autor. -- t.2. Texto. -- t.3. Segunda parte. Prólogo del autor. Aprobación de Márquez Torres. Licencia de Gutierre de Cetina. Aprobación de J. de Valdivielso. -- t.4. Texto | ||
| 500 | _aEjemplar igual al anterior [528]. Piel; lomos y planos adornados con filetes dorados Lúdovik Osterc | ||
| 500 | _aEstado físico : Cubierta desprendida | ||
| 500 | _aQM790 | ||
| 546 | _aTexto en : inglés | ||
| 650 | 1 | 4 |
_aNovela española _yÉpoca clásica, 1500-1700 _9215 |
| 650 | 1 | 4 |
_aLiteratura española _yÉpoca clásica, 1500-1700 _9216 |
| 650 | 1 | 4 |
_aNovela española _ySiglo XVII _9217 |
| 650 | 1 | 4 |
_aDon Quijote (Personaje ficticio) _eNovela _9218 |
| 700 | 1 |
_aSmollett, Tobias George _d1721-1771 _eTraductor _98618 |
|
| 740 | 0 | _aEl Ingenioso Hidalgo Don Quijote de la Mancha | |
| 902 | _aQFM | ||
| 942 |
_2lcc _cB |
||
| 999 |
_c2964 _d2964 |
||